Slice of Life Anime Quiz - Statistics

General Stats
  • This quiz has been taken 261 times
  • The average score is 4 of 10
Answer Stats
Hint Answer % Correct
Life and extreme swimming Free!
83%
Life and dangos Clannad
62%
Life and ghost friend Anohana
47%
Life and calligraphy Barakamon
31%
Life and not dropping bunnies Bunny Drop
26%
Life and not being popular Watamote
26%
Life and farming school Silver Spoon
25%
Life and blood sword Beyond the Boundary
21%
Life and wolves Wolf Children
20%
Life and shoe-making Garden of Words
15%
No matching quizzes found
Score Distribution
Percent of People with Each Score
Percentile by Number Answered
Your Score History
You have not taken this quiz